| 000 | 00805nam a2200229 a 4500 | ||
|---|---|---|---|
| 999 |
_c5315 _d5315 |
||
| 001 | 5315 | ||
| 003 | BD-JhCC | ||
| 005 | 20171213174007.0 | ||
| 008 | 171128s1998 bg a|||| ||a| 000 0 ben d | ||
| 020 | _a9840747258 | ||
| 035 | _a(BD-JhCC)5315 | ||
| 040 |
_aBD-JhCC _dBD-JhCC |
||
| 041 | _aben | ||
| 082 |
_a491.4414 _bSHA 1998 |
||
| 245 |
_aবাংলা একাডেমী লেখক অভিধান / _cসৈয়দ মোহাম্মদ শাহেদ (প্রধান সম্পাদক) |
||
| 260 |
_aঢাকা : _bবাংলা একাডেমী, _c1998. |
||
| 300 |
_a462 p. : _c22 cm. _billu, |
||
| 650 |
_aAuthors Bengali _xBiography, Dictionaries |
||
| 700 | _aশাহেদ, সৈয়দ মোহাম্মদ | ||
| 942 |
_2ddc _cBK |
||